000 00707nam a22001937a 4500
003 OSt
005 20250728090752.0
008 250728b |||||||| |||| 00| 0 eng d
020 _a978-621-8386-03-7
040 _aDWC-Main Lib
_cOC
082 _aFil. 658.15 B144f 2023
100 _aBagayao, Ivan Yannick
245 _aFinancial management :
_bprinciples and applications/
_cIvan Yannick Bagayao & Alexis Manalo
260 _aManila, Philippines :
_bReal Excellence Publishing,
_cc2023.
300 _ax, 450 pages :
_billustrations;
_c23cm.
504 _aIncludes appendix A, appendix B, appendix C and bibliographic references.
650 _a1. Financial management.
942 _2ddc
_cBK - FIL
_kFil.
_n0
999 _c3851
_d3851